Click Modern Day Countries Of The Roman Empire On A Map - Statistics

General Stats
  • This quiz has been taken 36 times
  • The average score is 41 of 50
Answers on the Map
Answers color-coded by a green-red scale on the quiz's map according to % correct below.
 
Answer Stats
Answer % Correct
France
93%
Libya
93%
Andorra
89%
Greece
89%
Spain
89%
Syria
89%
Turkey
89%
United Kingdom
89%
Albania
85%
Algeria
85%
Azerbaijan
85%
Belgium
85%
Bulgaria
85%
Croatia
85%
Egypt
85%
Germany
85%
Israel
85%
Italy
85%
Kosovo
85%
Morocco
85%
Netherlands
85%
San Marino
85%
Serbia
85%
Slovenia
85%
Switzerland
85%
Vatican City
85%
Cyprus
81%
Georgia
81%
Iraq
81%
Jordan
81%
Lebanon
81%
Liechtenstein
81%
Luxembourg
81%
Monaco
81%
Montenegro
81%
Portugal
81%
Romania
81%
Slovakia
81%
Tunisia
81%
Austria
78%
Bosnia and Herzegovina
78%
Iran
78%
Kuwait
78%
Malta
78%
North Macedonia
78%
Russia
78%
Saudi Arabia
78%
Armenia
74%
Hungary
74%
Ukraine
67%
No matching quizzes found
Score Distribution
Percent of People with Each Score
Percentile by Number Answered
Your Score History
You have not taken this quiz